Statistics for All Joe Nichols Songs

Click here to take the quiz!

General Stats

  • This quiz has been taken 3 times
  • The average score is 42 of 117

Answer Stats

AlbumSong% Correct
IIITequila Makes Her Clothes Fall Off
100%
CricketsYeah
100%
Man with a MemoryBrokenheartsville
67%
CricketsCrickets
67%
Old Things NewGimmie That Girl
67%
It's All GoodIt's All Good
67%
Man with a MemoryMan with a Memory
67%
Old Things NewOld Things New
67%
Real ThingsReal Things
67%
CricketsSunny and 75
67%
Real ThingsAin't Nobody Gonna Take That from Me
33%
Real ThingsAll Good Things
33%
Real ThingsAll I Need Is a Heart
33%
Old Things NewAn Old Friend of Mine
33%
Real ThingsAnother Side of You
33%
IIIAs Country as She Gets
33%
A Traditional ChristmasAway in a Manger
33%
Never Gets OldBaby Got Back
33%
CricketsBaby You're in Love with Me
33%
Old Things NewBelievers
33%
CricketsBetter Than Beautiful
33%
CricketsBilly Graham's Bible
33%
Never Gets OldBreathless
33%
Man with a MemoryCan't Hold a Halo to You
33%
Old Things NewCheaper Than a Shrink
33%
Real ThingsComin' Back in a Cadillac
33%
Man with a MemoryCool to Be a Fool
33%
Never Gets OldDiamonds Make Babies
33%
RevelationDon't Ruin It for the Rest of Us
33%
Man with a MemoryEverything's a Thing
33%
RevelationFarewell Party
33%
CricketsFootlights
33%
IIIFreedom Feels Like Lonely
33%
Never Gets OldGirl in the Song
33%
CricketsGotta Love It
33%
CricketsHard to Be Cool
33%
A Traditional ChristmasHave Yourself a Merry Little Christmas
33%
CricketsHee Haw
33%
IIIHonky Tonk Girl
33%
Never Gets OldHostage
33%
It's All GoodHow I Wanna Go
33%
It's All GoodI Can't Take My Eyes Off You
33%
Never Gets OldI'd Sing About You
33%
Real ThingsIf I Could Only Fly
33%
RevelationIf I Ever Get Her Back
33%
RevelationIf Nobody Believed in You
33%
Joe NicholsI Hate the Way I Love You
33%
A Traditional ChristmasI'll Be Home for Christmas
33%
IIII'll Wait for You
33%
Joe NicholsI'm Not That Kind of Guy
33%
Joe NicholsIndependent Girl
33%
Joe NicholsIn Spite of Myself
33%
Real ThingsIt Ain't No Crime
33%
Old Things NewIt's Me I'm Worried About
33%
RevelationI Wish That Wasn't All
33%
Man with a MemoryJoe's Place
33%
IIIJust a Little More
33%
CricketsJust Let Me Fall in Love with You
33%
Joe NicholsLeave the Past Behind
33%
A Traditional ChristmasLet It Snow! Let It Snow! Let It Snow!
33%
Real ThingsLet's Get Drunk and Fight
33%
Man with a MemoryLife Don't Have to Mean Nothin' at All
33%
CricketsLove Has a Way
33%
Old Things NewMan Woman
33%
IIIMy Old Friend the Blues
33%
Real ThingsMy Whiskey Years
33%
Never Gets OldNever Gets Old
33%
It's All GoodNever Gonna Get Enough
33%
RevelationNo Time to Cry
33%
It's All GoodNo Truck, No Boat, No Girl
33%
A Traditional ChristmasO Holy Night
33%
Joe NicholsOld Cheyenne
33%
CricketsOld School Country Song
33%
A Traditional ChristmasOld Toy Trains
33%
CricketsOpen Up a Can
33%
RevelationRevelation
33%
Joe NicholsShe Could Care Less
33%
Man with a MemoryShe Only Smokes When She Drinks
33%
Real ThingsShe's All Lady
33%
It's All GoodShe's Just Like That
33%
IIIShould I Come Home (Or Should I Go Crazy)
33%
A Traditional ChristmasSilent Night
33%
A Traditional ChristmasSilver Bells
33%
RevelationSinger in a Band
33%
Joe NicholsSix of One, Half a Dozen of the Other
33%
IIISize Matters (Someday)
33%
CricketsSmile on Mine
33%
It's All GoodSomebody's Mama
33%
Never Gets OldSo You're Saying
33%
It's All GoodTake It Off
33%
IIITalk Me Out of Tampa
33%
Never Gets OldTall Boys
33%
IIIThat's What Love'll Get You
33%
Man with a MemoryThat Would Be Her
33%
A Traditional ChristmasThe Christmas Song
33%
Real ThingsThe Difference Is Night and Day
33%
Man with a MemoryThe Impossible
33%
It's All GoodThe More I Look
33%
RevelationThe Shade
33%
Old Things NewThe Shape I'm In
33%
RevelationThings Like That (These Days)
33%
Old Things NewThis Bed's Too Big
33%
It's All GoodThis Ole Boy
33%
Never Gets OldThis Side of the River
33%
Joe NicholsTo Tell You the Truth, I Lied
33%
Never Gets OldWe All Carry Something
33%
Old Things NewWe All Go Home
33%
RevelationWhat's a Guy Gotta Do
33%
A Traditional ChristmasWhite Christmas
33%
Real ThingsWho Are You When I'm Not Looking
33%
A Traditional ChristmasWinter Wonderland
33%
CricketsY'ant To
33%
Man with a MemoryYou Ain't Heard Nothin' Yet
33%
Man with a MemoryYou Can't Break the Fall
33%
SingleFreaks Like Me
0%
Single #2Undone
0%
Joe NicholsWal-Mart Parking Lot Social Club
0%

Score Distribution

Percentile by Number Answered

Percent of People with Each Score

Your Score History

You have not taken this quiz